000 00468nam a2200181 a 4500
001 1768888605048
003 YourLibrary
005 20260120141445.0
008 260120s2010##################000#0#eng##
020 _a9789380177199
082 0 4 _a303.4825
_bSAN
100 1 _aSandhu, P. J. S.,
_eauthor.
245 1 0 _aRising China :
260 _bVij Books India,
_c2010.
650 0 _aPolitical Science.
942 _cENGLISH
040 _aYourLibrary
_beng
_cYourLibrary
999 _c608619
_d608619